Where the crawdads sing / Delia Owens.
Available copies
- 7 of 9 copies available at LARL/NWRL Consortium.
- 2 of 4 copies available at Lake Agassiz Regional Library. (Show preferred library)
Current holds
4 current holds with 9 total copies.
View other formats and editions
Show Only Available Copies
| Location | Call Number / Copy Notes | Barcode | Shelving Location | Status | Due Date |
|---|---|---|---|---|---|
| Ada Public Library | OWE (Text) | 33500013033667 | Main | Available | - |
| Detroit Lakes Public Library | OWE (Text) | 33500013231162 | Main | Checked out | 07/21/2026 |
| Mahnomen Public Library | OWE (Text) | 33500013139738 | Main | Checked out | 07/07/2026 |
| Moorhead Public Library | OWE (Text) | 33500012838066 | Main | Available | - |
| Godel Memorial-Warren Library | OWE (Text) | 35500006809485 | Main | Available | - |
| Hallock Public Library | OWE (Text) | 35500006274375 | Main | Available | - |
| Karlstad LINK Site | OWE (Text) | 35500006204505 | Main | Available | - |
| Red Lake Falls Public Library | OWE (Text) | 35500006180044 | Main | Available | - |
| Thief River Falls Public Library | OWE (Text) | 35500006272122 | Main | Available | - |
Record details
- ISBN: 9780735219106
- ISBN: 9780735219090
- ISBN: 0735219095
- Physical Description: 370 pages : illustration ; 24 cm
- Publisher: New York : G.P. Putnam's Sons, 2018.
Content descriptions
| Summary, etc.: | "Fans of Barbara Kingsolver will love this ... Read More |
Search for related items by subject
| Genre: | Bildungsromans. Mystery fiction. Bildungsromans. Bildungsromans. Fiction. |
| LDR | 02612cam a22003858i 4500 | ||
|---|---|---|---|
| 001 | 290887 | ||
| 003 | LARL_NWRL_CONSORTIUM | ||
| 005 | 20180814131707.0 | ||
| 008 | 180312s2018 nyu 000 1 eng | ||
| 010 | . | ‡a 2018010775 | |
| 020 | 1 | . | ‡a9780735219106 |
| 040 | . | ‡aDLC ‡beng ‡erda ‡cDLC | |
| 020 | . | ‡a9780735219090 ‡q(hardback) | |
| 020 | . | ‡a0735219095 | |
| 020 | . | ‡z9780735219113 (epub) | |
| 035 | . | ‡a(OCoLC)1016305674 | |
| 042 | . | ‡apcc | |
| 082 | 0 | 0. | ‡a813/.6 ‡223 |
| 084 | . | ‡aFIC019000 ‡aFIC043000 ‡aFIC044000 ‡2bisacsh | |
| 100 | 1 | . | ‡aOwens, Delia, ‡eauthor. ‡0(LARL_NWRL_CONSORTIUM)153675 |
| 245 | 1 | 0. | ‡aWhere the crawdads sing / ‡cDelia Owens. |
| 264 | 1. | ‡aNew York : ‡bG.P. Putnam's Sons, ‡c2018. | |
| 300 | . | ‡a370 pages : ‡billustration ; ‡c24 cm | |
| 336 | . | ‡atext ‡btxt ‡2rdacontent | |
| 337 | . | ‡aunmediated ‡bn ‡2rdamedia | |
| 338 | . | ‡avolume ‡bnc ‡2rdacarrier | |
| 520 | . | ‡a"Fans of Barbara Kingsolver will love this stunning debut novel from a New York Times bestselling nature writer, about an unforgettable young woman determined to make her way in the wilds of North Carolina, and the two men that will break her isolation open. For years, rumors of the "Marsh Girl" have haunted Barkley Cove, a quiet town on the North Carolina coast. She's barefoot and wild; unfit for polite society. So in late 1969, when handsome Chase Andrews is found dead, the locals immediately suspect Kya Clark. But Kya is not what they say. Abandoned at age ten, she has survived on her own in the marsh that she calls home. A born naturalist with just one day of school, she takes life lessons from the land, learning from the false signals of fireflies the real way of this world. But while she could have lived in solitude forever, the time comes when she yearns to be touched and loved. Drawn to two young men from town, who are each intrigued by her wild beauty, Kya opens herself to a new and startling world--until the unthinkable happens. In Where the Crawdads Sing, Owens juxtaposes an exquisite ode to the natural world against a heartbreaking coming of age story and a surprising murder investigation. Thought-provoking, wise, and deeply moving, Owens's debut novel reminds us that we are forever shaped by the children we once were, and that we are all subject to the beautiful and violent secrets that nature keeps"-- ‡cProvided by publisher. | |
| 650 | 0. | ‡aSolitude ‡vFiction. ‡0(LARL_NWRL_CONSORTIUM)175142 | |
| 651 | 0. | ‡aNorth Carolina ‡vFiction. ‡0(LARL_NWRL_CONSORTIUM)166409 | |
| 650 | 7. | ‡aFICTION / Literary. ‡2bisacsh | |
| 650 | 7. | ‡aFICTION / Coming of Age. ‡2bisacsh | |
| 650 | 7. | ‡aFICTION / Contemporary Women. ‡2bisacsh | |
| 650 | 7. | ‡aSolitude. ‡2fast ‡0(LARL_NWRL_CONSORTIUM)31404 | |
| 651 | 7. | ‡aNorth Carolina. ‡2fast ‡0(LARL_NWRL_CONSORTIUM)1784 | |
| 650 | 4. | ‡aNorth Carolina ‡vFiction. | |
| 650 | 4. | ‡aSolitude ‡vFiction. ‡0(LARL_NWRL_CONSORTIUM)175142 | |
| 655 | 7. | ‡aBildungsromans. ‡2lcgft | |
| 655 | 7. | ‡aMystery fiction. ‡2gsafd | |
| 655 | 7. | ‡aBildungsromans. ‡2gsafd | |
| 655 | 7. | ‡aBildungsromans. ‡2fast | |
| 655 | 7. | ‡aFiction. ‡2fast | |
| 905 | . | ‡uvanderl | |
| 901 | . | ‡a290887 ‡b ‡c290887 ‡tbiblio ‡soclc | |

Add to basket
Permalink
Disable Highlighting